000 00464nam a2200193Ia 4500
008 170918s9999 xx 000 0 und d
020 _a9780590414984
050 _bW814 1975
100 _aWiseman, Bernard
245 _aHalloween with Morris and Boris /
245 _cBernard Wiseman.
260 _aNew York :
260 _bScholastic,
260 _c1975
300 _aunpaged :
300 _bcolored illustration ;
300 _c21cm.
500 _a80
999 _c340946
_d340946